Văn hóa dân gian làng Đại Lan

Tổng quan về làng Đại Lan, xã Duyên Hà, huyện Thanh Trì, Tp. Hà Nội. Các ngành nghề truyền thống, phong tục tập quán, lễ hội, hương ước và nền văn hoá của làng

Uloženo v:
Podrobná bibliografie
Hlavní autor: Trần Văn Mỹ
Médium: Kniha
Jazyk:Vietnamese
Vydáno: H. Văn hoá Thông tin 2014
Témata:
Tagy: Přidat tag
Žádné tagy, Buďte první, kdo otaguje tento záznam!
Thư viện lưu trữ: Mạng thư viện Đại học Đà Nẵng
LEADER 01537aam a22004098a 4500
001 000020653
003 17099
005 20150330160331.0
008 150324s2014 viesd
020 |d 2000b 
041 0 |a vie 
082 0 4 |2 23  |a 390.0959731  |b TR-M 
100 1 |a Trần Văn Mỹ 
245 1 0 |a Văn hóa dân gian làng Đại Lan  |c Trần Văn Mỹ 
260 |a H.  |b Văn hoá Thông tin  |c 2014 
300 |a 274 tr.  |c 21 cm. 
500 |a ĐTTS ghi: Hội Văn nghệ Dân gian Việt Nam 
504 |a Phụ lục: tr. 253-262 
520 |a Tổng quan về làng Đại Lan, xã Duyên Hà, huyện Thanh Trì, Tp. Hà Nội. Các ngành nghề truyền thống, phong tục tập quán, lễ hội, hương ước và nền văn hoá của làng 
650 0 4 |a Văn hóa dân gian  |x Làng xã  |z Đại Lan (Hà Nội) 
650 7 |2 Bộ TK TVQG 
650 7 |2 Bộ TK TVQG 
651 7 |2 Bộ TK TVQG  |a Hà Nội 
651 4 |a Đại Lan 
651 7 |2 Bộ TK TVQG  |a Thanh Trì 
653 |a Văn hóa dân gian 
653 |a Làng Đại Lan 
OWN |a LSP 
AVA |a UDN50  |b LSP  |d 390.0959731 TR-M  |e available  |t Error 5001 Not defined in file expand_doc_bib_avail.  |f 1  |g 0  |h N  |i 0  |k 1 
999 |a From the UDN01 
AVA |a UDN50  |b LSP  |d 390.0959731 TR-M  |e available  |t Error 5001 Not defined in file expand_doc_bib_avail.  |f 1  |g 0  |h N  |i 0  |k 1 
TYP |a Monograph 
TYP |a Printed language 
980 |a Mạng thư viện Đại học Đà Nẵng